| 000 | 00519nam a22001817a 4500 | ||
|---|---|---|---|
| 003 | OSt | ||
| 005 | 20160511152422.0 | ||
| 008 | 160511b xxu||||| |||| 00| 0 eng d | ||
| 020 | _a9781868145089 | ||
| 040 | _cDDC. | ||
| 082 | _a595.774BAT 2001. | ||
| 100 |
_aMonadjem,Ann; _98721 |
||
| 245 |
_aBats of Southern and Central Africa. _bA biogeographic and Taxonomic synthesis. |
||
| 260 |
_aUSA. _bWits University Press. _c2001, |
||
| 300 |
_axii,569p; _bcol,ill; _c26cm. |
||
| 650 |
_aBiology. _95602 |
||
| 942 |
_2ddc _cSLOAN |
||
| 999 |
_c3992 _d3992 |
||